The journal of gender, race, and justice

Detalles Bibliográficos
Autor Corporativo: University of Iowa. College of Law
Formato: Desconocido
Lenguaje:inglés
Publicado: Iowa City, Iowa : University of Iowa College of Law
Materias:
Acceso en línea:Acceso restringido

MARC

LEADER 00000ny a22000003n 4500
005 20110510110933.0
008 971021c19979999iauqr pss g 0 a0eng d
022 |a 1550-7815 
035 |a 1767 
040 |a UCA  |d vLex 
090 |c 1503  |d 1503 
245 0 4 |a The journal of gender, race, and justice  |h [Recurso electrn̤ico] 
246 3 7 |a Journal of gender, race & justice 
256 |a Servicio en ln̕ea 
260 |a Iowa City, Iowa :  |b University of Iowa College of Law 
310 |a Trimestral 
650 0 4 |a Discriminacin̤ racial  |x Derecho  |z Estados Unidos  |x Publicaciones perid̤icas 
650 0 4 |a Justicia  |x Administracin̤  |z Estados Unidos  |x Publicaciones perid̤icas 
650 0 4 |a Mujeres  |x Derecho  |z Estados Unidos  |x Legislacin̤  |x Publicaciones perid̤icas 
710 2 |a University of Iowa.  |b College of Law 
740 0 |a vLex Revista (Servicios en ln̕ea) 
843 |a Electrn̤ica. Abierta 
853 |8 1  |i (year)  |j (month)  |k (day) 
856 4 0 |z Acceso restringido  |u http://vlex.com/source/journal-gender-race-justice-1767 
942 |c REV 
999 0 0 |a Feminist jurisprudence  |z United States  |v Periodicals. 
999 0 0 |a Justice, Administration of  |z United States  |v Periodicals. 
999 0 0 |a Race discrimination  |z United States  |v Periodicals. 
999 0 0 |a Sex discrimination against women  |z United States  |v Periodicals. 
999 0 0 |a Women  |z United States  |v Periodicals. 
999 0 0 |a United States  |v Periodicals.